[Event "DVM U20w 2019"]
[Site "Braunschweig GER"]
[Date "2019.12.29"]
[Round "5"]
[White "Visvikis, Kassandra"]
[Black "Berelowitsch, Dana"]
[Result "1/2-1/2"]
[Termination "normal"]
[Board "1.3"]
[WhiteElo "1568"]
[BlackElo "1792"]
[WhiteClock "00:41:54"]
[BlackClock "00:16:05"]
[WhiteTeam "OSG Baden-Baden"]
[BlackTeam "Schachgesellschaft Solingen e. V."]
[PlyCount "65"]
[WhiteFideId "36052167"]
[BlackFideId "12977144"]
[EventCountry "GER"]
[EventRounds "7"]
[EventType "team-swiss"]
[EventDate "2019.12.26"]

1. e4 {[%clk 1:30:58]} c5 {[%clk 1:30:55]} 2. Nf3 {[%clk 1:31:25]} g6 {[%clk
1:31:20]} 3. d4 {[%clk 1:31:48]} cxd4 {[%clk 1:31:45]} 4. Nxd4 {[%clk 1:32:15]}
Bg7 {[%clk 1:32:10]} 5. Be3 {[%clk 1:32:40]} Nc6 {[%clk 1:32:34]} 6. Nc3 {[%clk
1:33:06]} Nf6 {[%clk 1:32:57]} 7. Bc4 {[%clk 1:33:31]} O-O {[%clk 1:33:08]} 8.
Bb3 {[%clk 1:33:56]} a5 {[%clk 1:33:25]} 9. f3 {[%clk 1:31:22]} d5 {[%clk
1:33:07]} 10. exd5 {[%clk 1:29:30]} Nb4 {[%clk 1:32:45]} 11. O-O {[%clk
1:27:52]} Nbxd5 {[%clk 1:32:14]} 12. Nxd5 {[%clk 1:25:51]} Nxd5 {[%clk
1:32:34]} 13. Bf2 {[%clk 1:26:00]} a4 {[%clk 1:26:30]} 14. Bxd5 {[%clk
1:19:07]} Qxd5 {[%clk 1:26:44]} 15. a3 {[%clk 1:19:08]} b5 {[%clk 1:16:20]} 16.
c3 {[%clk 1:19:19]} Ba6 {[%clk 1:13:06]} 17. Re1 {[%clk 1:18:30]} e5 {[%clk
1:12:09]} 18. Nc2 {[%clk 1:14:43]} Qb3 {[%clk 1:11:15]} 19. Rb1 {[%clk
1:14:35]} Rfd8 {[%clk 1:09:38]} 20. Qc1 {[%clk 1:14:48]} Bb7 {[%clk 1:06:24]}
21. Nb4 {[%clk 1:10:35]} Qc4 {[%clk 1:04:19]} 22. Qe3 {[%clk 1:07:18]} Re8
{[%clk 0:51:02]} 23. Rbd1 {[%clk 0:56:25]} e4 {[%clk 0:33:38]} 24. Qb6 {[%clk
0:51:58]} Rab8 {[%clk 0:28:28]} 25. Bg3 {[%clk 0:52:16]} Bf8 {[%clk 0:26:23]}
26. Kh1 {[%clk 0:47:14]} Bc5 {[%clk 0:26:36]} 27. Qf6 {[%clk 0:46:50]} exf3
{[%clk 0:23:57]} 28. gxf3 {[%clk 0:46:41]} Qg4 {[%clk 0:18:03]} 29. Nc6 {[%clk
0:45:55]} Bxc6 {[%clk 0:17:30]} 30. Qxc6 {[%clk 0:45:54]} Rxe1+ {[%clk
0:16:36]} 31. Rxe1 {[%clk 0:46:15]} Qc8 {[%clk 0:15:45]} 32. Qxc8+ {[%clk
0:43:23]} Rxc8 {[%clk 0:16:05]} 33. Re5 {[%clk 0:41:54]} 1/2-1/2

[Event "DVM U20w 2019"]
[Site "Braunschweig GER"]
[Date "2019.12.29"]
[Round "5"]
[White "Sereda, Yaroslava"]
[Black "Martin, Anastasia"]
[Result "1-0"]
[Termination "normal"]
[Board "1.4"]
[WhiteElo "1726"]
[BlackElo "1235"]
[WhiteClock "01:03:14"]
[BlackClock "00:28:40"]
[WhiteTeam "Schachgesellschaft Solingen e. V."]
[BlackTeam "OSG Baden-Baden"]
[PlyCount "57"]
[WhiteFideId "14178940"]
[BlackFideId "36098434"]
[EventCountry "GER"]
[EventRounds "7"]
[EventType "team-swiss"]
[EventDate "2019.12.26"]

1. e4 {[%clk 1:30:56]} e5 {[%clk 1:30:56]} 2. Nf3 {[%clk 1:31:19]} Nc6 {[%clk
1:31:20]} 3. Bb5 {[%clk 1:31:43]} Nf6 {[%clk 1:31:30]} 4. d4 {[%clk 1:31:51]}
Nxd4 {[%clk 1:31:36]} 5. Nxd4 {[%clk 1:31:34]} c6 {[%clk 1:31:47]} 6. Bc4
{[%clk 1:27:56]} exd4 {[%clk 1:31:20]} 7. O-O {[%clk 1:27:38]} Be7 {[%clk
1:30:06]} 8. Re1 {[%clk 1:27:29]} O-O {[%clk 1:25:34]} 9. e5 {[%clk 1:27:21]}
Nd5 10. Bxd5 {[%clk 1:25:35]} cxd5 {[%clk 1:24:02]} 11. Qxd4 {[%clk 1:25:37]}
Qa5 {[%clk 1:23:07]} 12. Nc3 {[%clk 1:25:18]} d6 {[%clk 1:11:35]} 13. Qxd5
{[%clk 1:24:30]} Qb6 {[%clk 1:07:45]} 14. exd6 {[%clk 1:19:32]} Bxd6 {[%clk
1:04:19]} 15. Ne4 {[%clk 1:15:00]} Bc7 {[%clk 0:57:25]} 16. Be3 {[%clk
1:09:11]} Qxb2 {[%clk 0:50:44]} 17. Bd4 {[%clk 1:07:24]} Be6 18. Qc5 {[%clk
1:05:33]} Bb6 {[%clk 0:43:22]} 19. Qxf8+ {[%clk 1:05:27]} Kxf8 {[%clk 0:42:00]}
20. Bxb2 {[%clk 1:05:49]} Rd8 {[%clk 0:39:44]} 21. a4 {[%clk 1:02:46]} Bd4
{[%clk 0:36:32]} 22. Rad1 {[%clk 1:02:38]} Bb6 {[%clk 0:35:16]} 23. Rxd8+
{[%clk 1:02:55]} Bxd8 {[%clk 0:35:45]} 24. Nc5 {[%clk 1:02:52]} Bc8 {[%clk
0:34:30]} 25. Ba3 {[%clk 1:02:39]} Be7 {[%clk 0:33:30]} 26. Nd7+ {[%clk
1:02:50]} Bxd7 {[%clk 0:31:10]} 27. Rxe7 {[%clk 1:03:10]} Bc6 {[%clk 0:29:52]}
28. Rxb7+ {[%clk 1:02:56]} Ke8 {[%clk 0:28:40]} 29. Rxa7 {[%clk 1:03:14]} 1-0

[Event "DVM U20w 2019"]
[Site "Braunschweig GER"]
[Date "2019.12.29"]
[Round "5"]
[White "Peglau, Sarah"]
[Black "Schnabel, Luise"]
[Result "1/2-1/2"]
[Termination "normal"]
[Board "2.2"]
[WhiteElo "1760"]
[BlackElo "1836"]
[WhiteClock "00:01:02"]
[BlackClock "00:03:48"]
[WhiteTeam "Schachzentrum Seeblick e. V."]
[BlackTeam "TuRa Harksheide von 1945 Norderstedt e.V."]
[PlyCount "77"]
[WhiteFideId "16219961"]
[BlackFideId "12943347"]
[EventCountry "GER"]
[EventRounds "7"]
[EventType "team-swiss"]
[EventDate "2019.12.26"]

1. d4 {[%clk 1:30:58]} Nf6 {[%clk 1:30:53]} 2. c4 {[%clk 1:31:24]} c5 {[%clk
1:31:06]} 3. d5 {[%clk 1:31:28]} b5 {[%clk 1:31:27]} 4. cxb5 {[%clk 1:31:47]}
a6 {[%clk 1:31:49]} 5. bxa6 {[%clk 1:31:50]} Bxa6 {[%clk 1:31:57]} 6. Nc3
{[%clk 1:30:33]} g6 {[%clk 1:31:03]} 7. e4 {[%clk 1:26:08]} Bxf1 {[%clk
1:31:23]} 8. Kxf1 {[%clk 1:26:37]} d6 {[%clk 1:31:19]} 9. Nge2 {[%clk 1:24:16]}
Bg7 {[%clk 1:30:29]} 10. g3 {[%clk 1:23:17]} O-O {[%clk 1:30:05]} 11. Kg2
{[%clk 1:23:31]} Nbd7 {[%clk 1:29:23]} 12. Qc2 {[%clk 1:21:29]} Qa5 {[%clk
1:25:44]} 13. Bd2 {[%clk 1:14:58]} Rfb8 {[%clk 1:21:41]} 14. b3 {[%clk
1:04:29]} Qa6 {[%clk 1:12:21]} 15. Rab1 {[%clk 1:00:10]} Nb6 {[%clk 1:03:36]}
16. a4 {[%clk 0:41:30]} Rc8 {[%clk 0:57:17]} 17. Rhc1 {[%clk 0:37:09]} Ne8
{[%clk 0:46:14]} 18. Be3 {[%clk 0:22:24]} Rab8 {[%clk 0:33:55]} 19. Qd1 {[%clk
0:13:28]} Nf6 {[%clk 0:30:57]} 20. f3 {[%clk 0:12:45]} Nfd7 {[%clk 0:29:18]}
21. h3 {[%clk 0:08:40]} Ne5 {[%clk 0:24:13]} 22. Nb5 {[%clk 0:04:46]} c4 {[%clk
0:19:34]} 23. Bxb6 {[%clk 0:05:06]} Rxb6 {[%clk 0:16:09]} 24. f4 {[%clk
0:05:15]} Nd3 {[%clk 0:13:33]} 25. Rxc4 {[%clk 0:05:03]} Rxc4 {[%clk 0:11:08]}
26. bxc4 {[%clk 0:05:32]} Nb2 {[%clk 0:11:02]} 27. Qc2 {[%clk 0:03:55]} Nxa4
{[%clk 0:09:54]} 28. Nc1 {[%clk 0:03:00]} Nc5 {[%clk 0:07:55]} 29. Nb3 {[%clk
0:03:12]} Nxb3 {[%clk 0:07:21]} 30. Rxb3 {[%clk 0:03:39]} Qb7 {[%clk 0:06:34]}
31. Qa2 {[%clk 0:02:54]} Ra6 {[%clk 0:05:39]} 32. Ra3 {[%clk 0:03:23]} Rxa3
{[%clk 0:05:55]} 33. Qxa3 {[%clk 0:03:51]} Qc8 {[%clk 0:05:10]} 34. Qa4 {[%clk
0:04:18]} Qc5 {[%clk 0:04:15]} 35. Kf3 {[%clk 0:02:14]} Qg1 {[%clk 0:04:13]}
36. Qc2 {[%clk 0:01:51]} Qf1+ {[%clk 0:04:22]} 37. Qf2 {[%clk 0:00:53]} Qxc4
{[%clk 0:04:19]} 38. Qe2 {[%clk 0:00:54]} Qc5 {[%clk 0:03:48]} 39. Qd3 {[%clk
0:01:02]} 1/2-1/2

[Event "DVM U20w 2019"]
[Site "Braunschweig GER"]
[Date "2019.12.29"]
[Round "5"]
[White "Wiesner, Paula"]
[Black "Miljkovic, Jovana"]
[Result "1/2-1/2"]
[Termination "normal"]
[Board "3.1"]
[BlackTitle "WFM"]
[WhiteElo "1955"]
[BlackElo "2021"]
[WhiteClock "00:16:10"]
[BlackClock "00:00:57"]
[WhiteTeam "SC Borussia Lichtenberg"]
[BlackTeam "SV Lingen"]
[PlyCount "72"]
[WhiteFideId "24654019"]
[BlackFideId "958336"]
[EventCountry "GER"]
[EventRounds "7"]
[EventType "team-swiss"]
[EventDate "2019.12.26"]

1. e4 {[%clk 1:30:59]} c5 {[%clk 1:30:56]} 2. c3 {[%clk 1:31:26]} d5 {[%clk
1:30:19]} 3. exd5 {[%clk 1:31:50]} Qxd5 {[%clk 1:30:46]} 4. d4 {[%clk 1:32:15]}
e6 {[%clk 1:30:03]} 5. Nf3 {[%clk 1:32:09]} Nf6 {[%clk 1:30:15]} 6. Be2 {[%clk
1:31:20]} Nc6 {[%clk 1:29:50]} 7. O-O {[%clk 1:30:26]} Be7 {[%clk 1:29:54]} 8.
Be3 {[%clk 1:26:53]} cxd4 {[%clk 1:30:17]} 9. cxd4 {[%clk 1:27:17]} O-O {[%clk
1:30:24]} 10. Nc3 {[%clk 1:27:30]} Qd6 {[%clk 1:28:25]} 11. a3 {[%clk 1:24:54]}
b6 {[%clk 1:26:37]} 12. Qb3 {[%clk 1:21:00]} Bb7 {[%clk 1:24:59]} 13. Rfd1
{[%clk 1:18:04]} Na5 {[%clk 1:22:38]} 14. Qa2 {[%clk 1:14:57]} Ne4 {[%clk
1:16:20]} 15. Nb5 {[%clk 1:10:43]} Qd8 {[%clk 1:14:59]} 16. b4 {[%clk 1:08:44]}
a6 {[%clk 0:58:02]} 17. bxa5 {[%clk 1:03:18]} axb5 {[%clk 0:58:27]} 18. Qb2
Rxa5 {[%clk 0:54:37]} 19. Bxb5 {[%clk 0:54:56]} Rxb5 {[%clk 0:48:13]} 20. Qxb5
{[%clk 0:54:04]} Nc3 {[%clk 0:48:34]} 21. Qb3 {[%clk 0:49:42]} Nxd1 {[%clk
0:45:11]} 22. Rxd1 {[%clk 0:46:36]} Bd5 {[%clk 0:34:18]} 23. Qb5 {[%clk
0:44:06]} Bxa3 {[%clk 0:33:16]} 24. Ne5 {[%clk 0:38:39]} Bd6 {[%clk 0:28:38]}
25. Nd7 {[%clk 0:30:31]} Qh4 {[%clk 0:19:34]} 26. h3 {[%clk 0:30:02]} Qe4
{[%clk 0:14:57]} 27. Qf1 {[%clk 0:29:36]} Rd8 {[%clk 0:13:02]} 28. Nxb6 {[%clk
0:29:49]} Bb7 {[%clk 0:12:44]} 29. Nc4 {[%clk 0:28:19]} Bb8 {[%clk 0:11:23]}
30. Rb1 {[%clk 0:22:10]} Qc6 {[%clk 0:06:33]} 31. Ne5 {[%clk 0:19:42]} Bxe5
{[%clk 0:04:31]} 32. dxe5 {[%clk 0:20:06]} h6 {[%clk 0:04:00]} 33. f3 {[%clk
0:16:45]} Qc3 {[%clk 0:02:37]} 34. Qc1 {[%clk 0:15:28]} Qxc1+ {[%clk 0:01:22]}
35. Rxc1 {[%clk 0:15:49]} Rc8 {[%clk 0:00:57]} 36. Rxc8+ {[%clk 0:16:10]} Bxc8
1/2-1/2

[Event "DVM U20w 2019"]
[Site "Braunschweig GER"]
[Date "2019.12.29"]
[Round "5"]
[White "Mönster, Madita"]
[Black "Hartmann, Cora"]
[Result "1-0"]
[Termination "normal"]
[Board "3.2"]
[WhiteElo "1956"]
[BlackElo "1842"]
[WhiteClock "00:25:38"]
[BlackClock "00:07:58"]
[WhiteTeam "SV Lingen"]
[BlackTeam "SC Borussia Lichtenberg"]
[PlyCount "45"]
[WhiteFideId "12947156"]
[BlackFideId "16200764"]
[EventCountry "GER"]
[EventRounds "7"]
[EventType "team-swiss"]
[EventDate "2019.12.26"]

1. e4 {[%clk 1:30:57]} e5 {[%clk 1:30:57]} 2. Nf3 {[%clk 1:31:16]} Nc6 {[%clk
1:31:23]} 3. Bc4 {[%clk 1:29:18]} Bc5 {[%clk 1:31:47]} 4. c3 {[%clk 1:28:17]}
Nf6 {[%clk 1:32:07]} 5. d3 {[%clk 1:27:23]} d6 {[%clk 1:32:15]} 6. h3 {[%clk
1:26:18]} a6 {[%clk 1:27:33]} 7. Bb3 {[%clk 1:24:09]} Ne7 {[%clk 1:18:13]} 8.
O-O {[%clk 1:19:03]} Ba7 {[%clk 1:14:43]} 9. Re1 {[%clk 1:16:19]} Ng6 {[%clk
1:08:50]} 10. d4 {[%clk 1:12:09]} O-O {[%clk 1:02:57]} 11. Nbd2 {[%clk
1:04:50]} Re8 {[%clk 0:56:09]} 12. Bc2 {[%clk 0:58:24]} d5 {[%clk 0:44:11]} 13.
dxe5 {[%clk 0:51:34]} Nxe5 {[%clk 0:43:18]} 14. Nxe5 {[%clk 0:50:47]} Rxe5
{[%clk 0:43:31]} 15. Nf3 {[%clk 0:50:39]} Re8 {[%clk 0:16:09]} 16. e5 {[%clk
0:39:02]} Nd7 {[%clk 0:12:24]} 17. Bg5 {[%clk 0:36:27]} f6 {[%clk 0:12:16]} 18.
Qxd5+ {[%clk 0:36:10]} Kh8 {[%clk 0:12:34]} 19. exf6 {[%clk 0:33:40]} Nxf6
{[%clk 0:09:37]} 20. Rxe8+ {[%clk 0:30:36]} Qxe8 {[%clk 0:09:52]} 21. Bxf6
{[%clk 0:29:34]} gxf6 {[%clk 0:10:11]} 22. Re1 {[%clk 0:28:39]} Qf8 {[%clk
0:07:58]} 23. Qh5 {[%clk 0:25:38]} 1-0

[Event "DVM U20w 2019"]
[Site "Braunschweig GER"]
[Date "2019.12.29"]
[Round "5"]
[White "Danilova, Sofia"]
[Black "Kessen, Fanny"]
[Result "0-1"]
[Termination "normal"]
[Board "3.4"]
[WhiteElo "980"]
[BlackElo "1265"]
[WhiteClock "00:56:40"]
[BlackClock "00:38:49"]
[WhiteTeam "SV Lingen"]
[BlackTeam "SC Borussia Lichtenberg"]
[PlyCount "102"]
[WhiteFideId "16298632"]
[BlackFideId "16217357"]
[EventCountry "GER"]
[EventRounds "7"]
[EventType "team-swiss"]
[EventDate "2019.12.26"]

1. Nf3 {[%clk 1:30:55]} d5 {[%clk 1:30:47]} 2. g3 {[%clk 1:31:16]} c6 {[%clk
1:29:17]} 3. c4 {[%clk 1:31:12]} dxc4 {[%clk 1:27:56]} 4. Nc3 {[%clk 1:31:27]}
g6 {[%clk 1:27:11]} 5. Bg2 {[%clk 1:30:46]} Bg7 {[%clk 1:27:16]} 6. d4 {[%clk
1:30:33]} cxd3 {[%clk 1:25:18]} 7. exd3 {[%clk 1:30:35]} Nf6 {[%clk 1:21:45]}
8. O-O {[%clk 1:30:00]} O-O {[%clk 1:21:48]} 9. Rb1 {[%clk 1:28:54]} Bg4 {[%clk
1:21:08]} 10. Qd2 {[%clk 1:27:31]} Qc8 {[%clk 1:19:24]} 11. Re1 {[%clk
1:26:39]} Re8 {[%clk 1:19:02]} 12. Ne5 {[%clk 1:26:20]} Bh3 {[%clk 1:18:25]}
13. Bf3 {[%clk 1:25:36]} Nbd7 {[%clk 1:17:08]} 14. d4 {[%clk 1:24:06]} Nxe5
{[%clk 1:12:56]} 15. dxe5 {[%clk 1:24:06]} Ng4 {[%clk 1:11:57]} 16. e6 {[%clk
1:21:09]} fxe6 {[%clk 1:09:38]} 17. Qd1 {[%clk 1:17:42]} e5 {[%clk 1:08:15]}
18. Ne4 {[%clk 1:17:01]} h6 {[%clk 1:04:41]} 19. Qb3+ {[%clk 1:15:22]} Kh8
{[%clk 1:02:34]} 20. Qf7 {[%clk 1:13:19]} Rf8 {[%clk 1:01:10]} 21. Qb3 {[%clk
1:12:47]} Qf5 {[%clk 1:00:44]} 22. Bxg4 {[%clk 1:10:50]} Qxg4 {[%clk 0:59:09]}
23. Re3 {[%clk 1:07:40]} Rad8 {[%clk 0:57:09]} 24. Bd2 {[%clk 1:06:56]} Qf5
{[%clk 0:56:52]} 25. Rd1 {[%clk 1:06:50]} Rd4 {[%clk 0:54:09]} 26. Be1 {[%clk
1:05:00]} Rxe4 {[%clk 0:53:29]} 27. Rxe4 {[%clk 1:03:13]} Qxe4 {[%clk 0:53:24]}
28. f3 {[%clk 1:02:51]} Qe2 {[%clk 0:52:06]} 29. Bf2 {[%clk 1:02:30]} e4 {[%clk
0:51:02]} 30. Re1 {[%clk 1:02:00]} Qd2 {[%clk 0:49:51]} 31. Qe3 {[%clk
0:59:26]} Qxe3 {[%clk 0:48:32]} 32. Rxe3 {[%clk 0:59:19]} exf3 {[%clk 0:46:36]}
33. Rxe7 {[%clk 0:59:16]} Rd8 {[%clk 0:43:58]} 34. Re1 {[%clk 0:55:07]} Bxb2
{[%clk 0:42:44]} 35. Bxa7 {[%clk 0:55:06]} Bd4+ {[%clk 0:42:13]} 36. Bxd4+ Rxd4
37. Re8+ {[%clk 0:54:20]} Kg7 {[%clk 0:42:07]} 38. Re7+ {[%clk 0:54:21]} Kf6
{[%clk 0:42:21]} 39. Rxb7 {[%clk 0:54:22]} Rd2 {[%clk 0:42:29]} 40. Rb1 {[%clk
0:53:31]} f2+ {[%clk 0:40:56]} 41. Kh1 {[%clk 0:53:48]} f1=Q+ 42. Rxf1+ Bxf1
{[%clk 0:38:20]} 43. a4 {[%clk 0:54:03]} c5 {[%clk 0:37:42]} 44. a5 {[%clk
0:54:23]} Bb5 {[%clk 0:37:28]} 45. a6 {[%clk 0:54:37]} Bxa6 {[%clk 0:37:44]}
46. h4 {[%clk 0:54:59]} c4 {[%clk 0:37:59]} 47. g4 {[%clk 0:55:11]} c3 {[%clk
0:38:04]} 48. g5+ {[%clk 0:55:35]} hxg5 {[%clk 0:38:11]} 49. hxg5+ {[%clk
0:55:58]} Kxg5 {[%clk 0:38:37]} 50. Kg1 {[%clk 0:56:20]} c2 {[%clk 0:38:49]}
51. Kh1 {[%clk 0:56:40]} c1=R# 0-1

[Event "DVM U20w 2019"]
[Site "Braunschweig GER"]
[Date "2019.12.29"]
[Round "5"]
[White "Schmidt, Pauline"]
[Black "Rudolph, Eva"]
[Result "0-1"]
[Termination "normal"]
[Board "4.2"]
[WhiteElo "1628"]
[BlackElo "1711"]
[WhiteClock "00:02:10"]
[BlackClock "00:28:37"]
[WhiteTeam "SG Blau-Weiß Stadtilm"]
[BlackTeam "Düsseldorfer Schachklub 14/25 e. V."]
[PlyCount "46"]
[WhiteFideId "16209850"]
[BlackFideId "16200594"]
[EventCountry "GER"]
[EventRounds "7"]
[EventType "team-swiss"]
[EventDate "2019.12.26"]

1. e4 {[%clk 1:30:58]} c5 {[%clk 1:30:54]} 2. Nf3 {[%clk 1:31:19]} g6 {[%clk
1:31:16]} 3. d4 {[%clk 1:31:32]} cxd4 {[%clk 1:31:37]} 4. Nxd4 {[%clk 1:31:50]}
Bg7 {[%clk 1:31:58]} 5. c4 {[%clk 1:31:13]} Nc6 {[%clk 1:31:56]} 6. Be3 {[%clk
1:30:49]} Nf6 {[%clk 1:31:54]} 7. Nc3 {[%clk 1:30:57]} Ng4 {[%clk 1:30:43]} 8.
Qxg4 {[%clk 1:16:02]} Nxd4 {[%clk 1:30:48]} 9. Bxd4 {[%clk 1:16:03]} Bxd4
{[%clk 1:30:57]} 10. Rc1 {[%clk 1:13:00]} d5 {[%clk 1:22:08]} 11. Qe2 {[%clk
1:09:58]} dxe4 {[%clk 1:15:37]} 12. Qxe4 {[%clk 1:09:36]} Bf5 {[%clk 1:00:15]}
13. Qe2 {[%clk 1:01:43]} O-O {[%clk 0:57:36]} 14. g3 {[%clk 0:57:30]} Qa5
{[%clk 0:53:50]} 15. a3 {[%clk 0:54:38]} Rfd8 {[%clk 0:52:11]} 16. Qd2 {[%clk
0:28:38]} Rd7 {[%clk 0:47:20]} 17. Bg2 {[%clk 0:15:00]} Bd3 {[%clk 0:40:36]}
18. Bh3 {[%clk 0:10:24]} e6 {[%clk 0:35:45]} 19. Ne4 {[%clk 0:07:07]} Qxd2+
{[%clk 0:32:59]} 20. Nxd2 {[%clk 0:06:38]} Bxb2 {[%clk 0:32:57]} 21. Rd1 {[%clk
0:05:54]} Bc2 {[%clk 0:33:04]} 22. Ke2 {[%clk 0:06:15]} Rad8 {[%clk 0:28:54]}
23. Rdg1 {[%clk 0:02:10]} Rxd2+ {[%clk 0:28:37]} 0-1

[Event "DVM U20w 2019"]
[Site "Braunschweig GER"]
[Date "2019.12.29"]
[Round "5"]
[White "Wilhelm, Anna-Lena"]
[Black "Cerkez, Lorena"]
[Result "0-1"]
[Termination "normal"]
[Board "4.4"]
[WhiteElo "1291"]
[BlackElo "1000"]
[WhiteClock "00:01:25"]
[BlackClock "00:28:08"]
[WhiteTeam "SG Blau-Weiß Stadtilm"]
[BlackTeam "Düsseldorfer Schachklub 14/25 e. V."]
[PlyCount "56"]
[WhiteFideId "16230094"]
[BlackFideId "14418614"]
[EventCountry "GER"]
[EventRounds "7"]
[EventType "team-swiss"]
[EventDate "2019.12.26"]

1. d4 {[%clk 1:30:59]} Nf6 {[%clk 1:30:54]} 2. Nc3 {[%clk 1:31:19]} g6 {[%clk
1:31:04]} 3. e4 {[%clk 1:31:36]} d6 {[%clk 1:31:15]} 4. f4 {[%clk 1:31:17]} Bg7
{[%clk 1:30:10]} 5. Nf3 {[%clk 1:30:53]} O-O {[%clk 1:30:10]} 6. Be2 {[%clk
1:30:53]} c6 {[%clk 1:08:29]} 7. Be3 {[%clk 1:22:55]} Qc7 {[%clk 1:04:20]} 8.
e5 {[%clk 1:10:08]} dxe5 {[%clk 1:02:26]} 9. fxe5 {[%clk 1:10:23]} Nfd7 {[%clk
1:01:47]} 10. Qd2 {[%clk 1:06:03]} e6 {[%clk 1:01:54]} 11. O-O-O {[%clk
1:02:33]} b5 {[%clk 1:01:38]} 12. a3 {[%clk 0:49:43]} a5 {[%clk 1:01:48]} 13.
Nb1 {[%clk 0:49:36]} Nb6 {[%clk 0:55:13]} 14. b3 {[%clk 0:39:16]} N8d7 {[%clk
0:55:13]} 15. g4 {[%clk 0:33:07]} Nd5 {[%clk 0:46:08]} 16. Bh6 {[%clk 0:30:03]}
b4 {[%clk 0:42:47]} 17. Bxg7 {[%clk 0:19:55]} Kxg7 {[%clk 0:43:06]} 18. a4
{[%clk 0:18:37]} c5 {[%clk 0:40:41]} 19. h4 {[%clk 0:12:22]} cxd4 {[%clk
0:33:39]} 20. Qxd4 {[%clk 0:09:51]} Nc5 {[%clk 0:33:08]} 21. Bc4 {[%clk
0:08:43]} Nb6 {[%clk 0:32:27]} 22. Qd6 {[%clk 0:04:05]} Qxd6 {[%clk 0:30:26]}
23. Rxd6 {[%clk 0:04:24]} Nxc4 {[%clk 0:30:44]} 24. bxc4 {[%clk 0:04:30]} Ra6
{[%clk 0:29:21]} 25. Rd4 {[%clk 0:03:53]} Nxa4 {[%clk 0:29:06]} 26. h5 {[%clk
0:01:11]} Bb7 {[%clk 0:28:27]} 27. Rh3 {[%clk 0:01:25]} Bxf3 {[%clk 0:28:27]}
28. Rxf3 {[%clk 0:01:25]} Nc5 {[%clk 0:28:08]} 0-1

[Event "DVM U20w 2019"]
[Site "Braunschweig GER"]
[Date "2019.12.29"]
[Round "5"]
[White "Oberhofer, Marie"]
[Black "Puls, Luisa"]
[Result "1-0"]
[Termination "normal"]
[Board "5.3"]
[WhiteElo "1700"]
[BlackElo "1551"]
[WhiteClock "00:51:56"]
[BlackClock "00:04:38"]
[WhiteTeam "SC Bavaria Regensburg von 1881 e.V."]
[BlackTeam "SG Güstrow/Teterow"]
[PlyCount "54"]
[WhiteFideId "12938165"]
[BlackFideId "16266005"]
[EventCountry "GER"]
[EventRounds "7"]
[EventType "team-swiss"]
[EventDate "2019.12.26"]

1. e4 {[%clk 1:30:58]} c5 {[%clk 1:30:54]} 2. Nf3 {[%clk 1:31:24]} d6 {[%clk
1:31:14]} 3. d4 {[%clk 1:31:42]} cxd4 {[%clk 1:31:34]} 4. Nxd4 {[%clk 1:32:07]}
Nf6 {[%clk 1:31:49]} 5. Nc3 {[%clk 1:32:32]} g6 {[%clk 1:32:10]} 6. Be3 {[%clk
1:32:55]} Bg7 {[%clk 1:32:29]} 7. f3 {[%clk 1:33:20]} O-O {[%clk 1:32:28]} 8.
Qd2 {[%clk 1:33:44]} Nc6 {[%clk 1:32:14]} 9. O-O-O {[%clk 1:34:05]} Nxd4 {[%clk
1:28:25]} 10. Bxd4 {[%clk 1:33:37]} Be6 {[%clk 1:28:23]} 11. Nd5 {[%clk
1:28:37]} Bxd5 {[%clk 1:20:49]} 12. exd5 {[%clk 1:28:49]} Qc7 {[%clk 1:19:13]}
13. h4 {[%clk 1:25:26]} h5 {[%clk 1:14:05]} 14. Bd3 {[%clk 1:14:33]} Nxd5
{[%clk 0:59:22]} 15. Bxg7 {[%clk 1:14:39]} Kxg7 {[%clk 0:59:45]} 16. Bxg6
{[%clk 1:09:08]} fxg6 {[%clk 0:53:42]} 17. Qxd5 {[%clk 1:09:22]} Rac8 {[%clk
0:51:26]} 18. c3 {[%clk 1:07:22]} Kh7 {[%clk 0:46:42]} 19. g4 {[%clk 1:04:28]}
hxg4 {[%clk 0:40:03]} 20. h5 {[%clk 0:59:29]} Qd7 {[%clk 0:14:29]} 21. hxg6+
{[%clk 0:59:33]} Kg7 {[%clk 0:08:42]} 22. Rh7+ {[%clk 0:57:08]} Kf6 {[%clk
0:08:15]} 23. g7 {[%clk 0:53:22]} Rg8 {[%clk 0:07:33]} 24. fxg4 {[%clk
0:51:54]} Qxg4 {[%clk 0:04:37]} 25. Rf1+ {[%clk 0:51:45]} Kg6 {[%clk 0:04:51]}
26. Qd3+ {[%clk 0:52:02]} Kg5 {[%clk 0:04:38]} 27. Qe3+ {[%clk 0:51:56]} Ra8
1-0